000 00902nam a2200229 i 4500
001 125005
003 ES-MaACL
005 20230906192532.0
007 t|
008 070426s1936 sp |||| | spa d
080 _a369(460)
110 2 _aInstituto Nacional de Previsión (España)
_95180
245 1 0 _aMemoria del Instituto Nacional de Previsión en 1935
_b: [presentada al Consejo de Patronato en sesión de 4 de julio de 1936] /
_cInocencio Jimenéz.
260 _aMadrid :
_b[s.n],
_c1936 (
_fSobrinos de la Suc. de M. Minuesa de los Ríos)
300 _a202 p. ;
_c29 cm.
490 1 _aPublicaciones del Instituto Nacional de Previsión ;
_v13
610 2 4 _aInstituto Nacional de Previsión (España)
_95180
700 1 _aJiménez, Inocencio.
_966409
830 0 _aPublicaciones del Instituto Nacional de Previsión ;
_v13
_9181151
852 _aES-MaACL
_jC-12636
999 _c125005
_d125005